ბათუმის შოთა რუსთაველის სახელმწიფო უნივერსიტეტის ბიბლიოთეკა

Computer networking : (ბიბ.ჩანაწერი № 57463)

000 -LEADER
fixed length control field 01035cam a2200301 i 4500
001 - CONTROL NUMBER
control field 19017190
005 - DATE AND TIME OF LATEST TRANSACTION
control field 20221108162510.0
008 - FIXED-LENGTH DATA ELEMENTS--GENERAL INFORMATION
fixed length control field 160316s2017 mau b 001 0 eng
010 ## - LIBRARY OF CONGRESS CONTROL NUMBER
LC control number 2016004976
020 ## - INTERNATIONAL STANDARD BOOK NUMBER
International Standard Book Number 9780133594140 X
020 ## - INTERNATIONAL STANDARD BOOK NUMBER
International Standard Book Number 0133594149 X
020 ## - INTERNATIONAL STANDARD BOOK NUMBER
International Standard Book Number 9781292153599 X
041 ## - LANGUAGE CODE
Language code of text/sound track or separate title eng
042 ## - AUTHENTICATION CODE
Authentication code pcc
080 ## - UNIVERSAL DECIMAL CLASSIFICATION NUMBER
Universal Decimal Classification number 004.6 K-98
082 00 - DEWEY DECIMAL CLASSIFICATION NUMBER
Classification number 004.6
Edition number 23
100 1# - MAIN ENTRY--PERSONAL NAME
Personal name Kurose, James F.,
Relator term author.
9 (RLIN) 8731
245 10 - TITLE STATEMENT
Title Computer networking :
Remainder of title a top-down approach /
Statement of responsibility, etc. James F. Kurose, University of Massachusetts, Amherst, Keith W. Ross, NYU and NYU Shanghai.
250 ## - EDITION STATEMENT
Edition statement Seventh edition.
264 #1 - PRODUCTION, PUBLICATION, DISTRIBUTION, MANUFACTURE, AND COPYRIGHT NOTICE
Place of production, publication, distribution, manufacture Boston :
Name of producer, publisher, distributor, manufacturer Pearson,
Date of production, publication, distribution, manufacture, or copyright notice [2017]
300 ## - PHYSICAL DESCRIPTION
Extent xxvi, 824 pages ;
Dimensions 24 cm
650 #0 - SUBJECT ADDED ENTRY--TOPICAL TERM
Topical term or geographic name entry element Internet.
9 (RLIN) 8732
650 #0 - SUBJECT ADDED ENTRY--TOPICAL TERM
Topical term or geographic name entry element Computer networks.
9 (RLIN) 8733
653 ## - INDEX TERM--UNCONTROLLED
keyword კომპიუტერული მეცნიერებანი
653 ## - INDEX TERM--UNCONTROLLED
keyword კომპიუტერული ტექნოლოგიები
700 1# - ADDED ENTRY--PERSONAL NAME
Personal name Ross, Keith W.,
Dates associated with a name 1956-
Relator term ავტორი
9 (RLIN) 8734
942 ## - ADDED ENTRY ELEMENTS (KOHA)
Source of classification or shelving scheme
Koha item type წიგნი
ეგზემპლარები
Withdrawn status Lost status Source of classification or shelving scheme Damaged status Not for loan Permanent Location Current Location Shelving location Date acquired Cost, normal purchase price Full call number Barcode Date last seen Copy number Price effective from Koha item type Public note
          ბათუმის შოთა რუსთაველის სახელმწიფო უნივერსიტეტის მთავარი ბიბლიოთეკა ბათუმის შოთა რუსთაველის სახელმწიფო უნივერსიტეტის მთავარი ბიბლიოთეკა წიგნსაცავი 2020-06-24 213.00 004.6 K-98 60660 2020-06-24 60660 2020-06-24 წიგნი 213 ლ.
          ბათუმის შოთა რუსთაველის სახელმწიფო უნივერსიტეტის მთავარი ბიბლიოთეკა ბათუმის შოთა რუსთაველის სახელმწიფო უნივერსიტეტის მთავარი ბიბლიოთეკა წიგნსაცავი 2021-02-25 218.87 004.6 K-98 61008 2021-02-25 61008 2021-02-25 წიგნი 218 ლ. 87 თ.